| 000 | 00674nam a2200181Ia 4500 | ||
|---|---|---|---|
| 008 | 090124s9999 xx 000 0 und d | ||
| 082 |
_b26849 _a1754 |
||
| 100 | _aभोमे सुहास | ||
| 245 | _a लघुउद्योग अर्थसहाय्य मार्गदर्शन | ||
| 250 | _a1 | ||
| 260 | _c1992 | ||
| 300 | _a206 | ||
| 600 | _aभोमे सुहास | ||
| 630 | _a लघुउद्योग अर्थसहाय्य मार्गदर्शन | ||
| 700 | _aभोमे सुहास | ||
| 730 | _a लघुउद्योग अर्थसहाय्य मार्गदर्शन | ||
| 942 | _cBOOK | ||
| 999 |
_c140321 _d140321 |
||